000 00586nam a2200205Ia 4500
005 20260429112208.0
008 260429s9999||||xx |||||||||||||| ||und||
020 _a9789356819771
041 _aEnglish
082 _a910
_bGKP
100 _aGKP
245 0 _aNCERT summary Indian and world geography class 6 to 12 :
_bUPSC IAS state PSCS UPSC-EPFO CDS and CAPF AC exam /
_cGKP
250 _a1st ed.
260 _aHaryana :
_bG K Publications (P) Ltd,
_c2025.
300 _apbk
650 _a India-Geography
650 _a World geography
650 _aGeography
942 _cTB
999 _c52836
_d52836